000 00762nam a2200241 i 4500
001 bg
100 1 _aDEITEL, Harvey M.
245 1 0 _aArkana C++ :
_bprogramowanie /
_cHarvey M. Deitel, Paul J. Deitel ; [oprac. wersji pol. Piotr Czarnocki, Bogdan Kamiński, Sebastian Szafran].
246 _iTyt. oryg.:
_aC++: how to program
260 _aWarszawa :
_b"READ ME",
_ccop. 1998.
300 _aXXXVIII, 1082 s. ;
_c24 cm.
500 _aOryg.: "C++: how to program" 2nd ed.
650 9 _aC (język programowania)
655 _aPodręczniki
700 1 _aDEITEL, Paul J.
020 _a8387216569
040 _cBPK
041 1 _apl
_hen
080 _a004.438(07)C++
920 _a83-87216-56-9
942 _cKS
008 s pl f |000 0 pol
999 _c34547
_d34547
856 _uhttp://koha.tu.koszalin.pl/cgi-bin/koha/opac-detail.pl?biblionumber=34547
_yKatalog online BPK